Normal view
MARC view
Entry Topical Term
001 - CONTROL NUMBER
- control field: 35338
003 - CONTROL NUMBER IDENTIFIER
- control field: ARRUPE
005 - DATE AND TIME OF LATEST TRANSACTION
- control field: 20170829111616.0
008 - FIXED-LENGTH DATA ELEMENTS
- fixed length control field: 170829|| aca||aabn | a|a d
040 ## - CATALOGING SOURCE
- Original cataloging agency: ARRUPE
- Transcribing agency: ARRUPE
150 ## - HEADING--TOPICAL TERM
- Topical term or geographic name as entry element: Palestine Arabs
- General subdivision: Wars
670 ## - SOURCE DATA FOUND
- Source citation: Work cat.: (ARRUPE): Light, O. Ray 35336, Victory to the Palestinian revolution, 1983